Mazahirul Eteqaad, Part One and Two (Record no. 3688)

MARC details
000 -LEADER
fixed length control field 00622nam a2200241 a 4500
020 ## - INTERNATIONAL STANDARD BOOK NUMBER
ISBN
082 00 - DEWEY DECIMAL CLASSIFICATION NUMBER
Classification number 297.81
Author Cutter QAD
100 ## - MAIN ENTRY--AUTHOR NAME
Author name Qadeeri, Habeeb Ali
245 ## - TITLE STATEMENT
Title Mazahirul Eteqaad, Part One and Two
260 ## - PUBLICATION, DISTRIBUTION, ETC. (IMPRINT)
Place of publication Hyderabad
Name of publisher Markazi Anjuman Taleemus Salat
Year of publication 1971
300 ## - PHYSICAL DESCRIPTION
Number of Pages 39p
500 ## - GENERAL NOTE
General note includes index and biblioraphy
505 2# - FORMATTED CONTENTS NOTE
Formatted contents note reference index
650 ## - SUBJECT ADDED ENTRY--TOPICAL TERM
Topical Term Islam-Sects-Conflicts
942 ## - ADDED ENTRY ELEMENTS (KOHA)
Koha item type Books
700 1# -
-- Qadeeri, Habeeb Ali
Holdings
Collection code Home library Current library Date acquired Cost, normal purchase price Full call number Accession Number Koha item type
  Henry Martyn Institute Library Henry Martyn Institute Library 06/27/2007 0.50 297.81 QAD 07167 Books
                   Copyright © 2026 | Henry Martyn Institute | Hyderabad | TS-500052 | INDIA | Implemented by hmi.edu.in
Hit-Count:

Powered by Koha